000 00270nam a22001217a 4500
008 181015b xxu||||| |||| 00| 0 eng d
041 _aeng
080 _a510
100 _a30
101 _aMAT
245 _aGraphing Calculator Manual
_cPenna.J.A
942 _2udc
_cBK
999 _c49727
_d49727